000 00682nam a22002297a 4500
003 UA-OsUOA
001 86573
007 ta
008 20120906b un ||||| |||| 00| 0 ukr d
100 _aШтеменко С.М.
090 _a94(4)"1939/1945"
_bШ89
942 _cBK
040 _aUA-OsUOA
_brus
_cUA-OsUOA
_dUA-OsUOA
245 _aГенеральный штаб в годы войны
_bкниги первая и вторая
300 _a560 с.
955 _a1
041 _arus
080 _a94(4)"1939/1945"
260 _aМ.
_bВоениздат
_c1989
650 7 _a9 Географія. Біографії. Історія
_2UDC
999 _c372680
_d372680